| 000 | 00666nam a2200181 i 4500 | ||
|---|---|---|---|
| 001 | 152243 | ||
| 003 | ES-MaACL | ||
| 005 | 20230906204610.0 | ||
| 008 | 051013s1838 fr | |||||||| ||fre d | ||
| 040 |
_aCAM _bspa _cCAM |
||
| 100 | 1 |
_aBlaze, Elzéar. _929435 |
|
| 245 | 1 | 3 |
_aLe chasseur au chien courant _b: contenant les habitudes, les ruses des bêtes, l'art les quêter ... / _cpar Elzéar Blaze. |
| 260 |
_aParis : _bl'auteur-éditeur, _c1838 ( _fImprimerie de LB. Thomassin et compagnie) |
||
| 300 |
_a2 v. (440; 448 p.) ; _c21 cm. |
||
| 650 | 4 |
_aPerros de caza. _9144501 |
|
| 650 | 4 |
_aCaza con perros. _9160319 |
|
| 852 |
_aES-MaACL _jG-8097-98 _z-- Enc. hol. |
||
| 999 |
_c152243 _d152243 |
||